000 00789cam a22002413a 4500
001 29777
003 PGUSA
005 20140828083638.0
008 090824s2009||||xxu|||||s|||||000 | eng d
040 _aPGUSA
_beng
042 _adc
050 4 _aDA
100 1 _aMonteagle, William Parker, Baron,
_d1574-1622
245 1 4 _aThe Identification of the Writer of the Anonymous Letter to Lord Monteagle in 1605
_h[electronic resource] /
_cWilliam Parker, Baron Monteagle
260 _bProject Gutenberg,
_c2009
506 _aPublic domain in the USA.
516 _aElectronic text
653 _aGunpowder Plot, 1605
653 _aMonteagle, William Parker, Baron, 1574 or 5-1622
830 0 _aProject Gutenberg
_v29777
856 4 0 _uhttp://www.gutenberg.org/ebooks/29777
942 _cEB
999 _c259032
_d259032